Secretaries of States of U.S. States - Statistics

General Stats
  • This quiz has been taken 3 times
  • The average score is 22 of 57
Answer Stats
State Answer % Correct
South Dakota Republican Monae Johnson
100%
Delaware Democrat Charuni Patibanda-Sanchez
67%
North Carolina Democrat Elaine Marshall
67%
U.S. Secretary of State Republican Marco Rubio
67%
Kentucky Republican Michael Adams
67%
Puerto Rico New Progressive Rosachely Rivera
67%
Connecticut Democrat Stephanie Thomas
67%
Maryland Democrat Susan C. Lee
67%
Arizona Democrat Adrian Fontes
33%
Illinois Democrat Alexi Giannoulias
33%
Pennsylvania Republican Al Schmidt
33%
Massachusetts Democrat Bill Galvin
33%
Nebraska Republican Bob Evnen
33%
Georgia Republican Brad Raffensperger
33%
Montana Republican Christi Jacobsen
33%
Wyoming Republican Chuck Gray
33%
Nevada Democrat Cisco Aguilar
33%
Arkansas Republican Cole Jester
33%
Florida Republican Cord Byrd
33%
New Hampshire Republican David Scanlan
33%
Utah Republican Deidre Henderson
33%
Northern Mariana Islands Republican Dennis Mendiola
33%
Missouri Republican Denny Hoskins
33%
Indiana Republican Diego Morales
33%
Ohio Republican Frank LaRose
33%
Rhode Island Democrat Gregg Amore
33%
Texas Republican Jane Nelson
33%
Colorado Democrat Jena Griswold
33%
Michigan Democrat Jocelyn Benson
33%
Oklahoma Republican Josh Cockroft
33%
Guam Democrat Josh Tenorio
33%
Virginia Republican Kelly Gee
33%
District of Columbia Democrat Kimberly Bassett
33%
West Virginia Republican Kris Warner
33%
New Mexico Democrat Maggie Toulouse Oliver
33%
South Carolina Republican Mark Hammond
33%
North Dakota Republican Michael Howe
33%
Mississippi Republican Michael Watson
33%
Alaska Republican Nancy Dahlstrom
33%
Louisiana Republican Nancy Landry
33%
Iowa Republican Paul Pate
33%
Idaho Republican Phil McGrane
33%
American Samoa Republican Pulu Ae Ae
33%
Vermont Democrat Sarah Copeland-Hanzas
33%
Wisconsin Democrat Sarah Godlewski
33%
Kansas Republican Scott Schwab
33%
Maine Democrat Shenna Bellows
33%
California Democrat Shirley Weber
33%
Washington Democrat Steve Hobbs
33%
Minnesota Democrat Steve Simon
33%
Hawaii Democrat Sylvia Luke
33%
New Jersey Democrat Tahesha Way
33%
Oregon Democrat Tobias Read
33%
U.S. Virgin Islands Democrat Tregenza Roach
33%
Tennessee Republican Tre Hargett
33%
New York Democrat Walter Mosley
33%
Alabama Republican Wes Allen
33%
No matching quizzes found
Score Distribution
Percent of People with Each Score
Percentile by Number Answered
Your Score History
You have not taken this quiz